| 000 | 00842nam a2200277 4500 | ||
|---|---|---|---|
| 003 | EG-GICUC | ||
| 005 | 20260331115322.0 | ||
| 008 | 260331s1977 -us ||fr|||| 001 0 eng d | ||
| 040 |
_aEG-GiCUC _beng _cEG-GiCUC _dEG-GiCUC _erda |
||
| 041 | 0 | _aeng | |
| 082 | 0 | 4 |
_221 _a341.48 _bGE . T |
| 092 | 0 | 4 | _221 |
| 099 | _aLaw1 11 341.48 GE . T 1977 | ||
| 100 | 1 |
_aGendron, Bernard _eAuthor. |
|
| 245 | 1 | 0 |
_aTechnology and the Human Condition / _cBernard Gendron. |
| 264 | 1 |
_aNew York : _bSt. Martin's Press, _c1977. |
|
| 300 |
_a263 pages, _c21 cm. |
||
| 336 |
_2rda content _atext |
||
| 337 |
_2rda media _aComputer |
||
| 338 |
_2rda carrier _aOnline Resource |
||
| 546 | _aText in English | ||
| 650 | 1 | 4 | _aPublic international law |
| 856 | 4 | 0 | _uhttps://fll.law.cu.edu.eg/fulltext/bks/B11-08848.pdf |
| 905 | _a48 | ||
| 942 |
_2ddc _cBK _e21 _n0 |
||
| 999 |
_c67780 _d67780 |
||